00615nam a2200181Ia 4500001001000000003000500010008004100015010001100056040000900067082002200076111011500098245006000213260002300273500004700296650002400343650002500367710004100392Para_6891CHAP220125s1962 xx 000 0 und d a205207 cCHAP aPA 633.15 R4 1962 aReunión anual del programa Cooperativo Centroamericano para el mejoramiento del maíz (8: 1962: Costa Rica) aPonencias /c por Programa Cooperativo Centroamericano aCosta Rica :b PCC aReunión conjunta: I Reunión del frijol aFrijol x congresos aMaíz x congresos  aPrograma Cooperativo Centroamericano